[Event "XXV OOM - Mistrzostwa Polski Juniorow Mlodszych - Dziewczeta do lat 12"]
[Site "Sielpia"]
[Date "1899-12-30"]
[Round "7.11"]
[White "Szewczuk, Aleksandra"]
[Black "Salamon, Julia"]
[Result "0-1"]
[WhiteTitle "II+"]
[BlackTitle "I"]
[WhiteElo "1196"]
[BlackElo "1287"]

1. e4 c5 2. b3 e6 3. Bb2 Nc6 4. f4 a6 5. Nf3 b5 6. d3 Bb7 7. Be2 Nf6 8. O-O Be7
9. Nbd2 O-O 10. c4 b4 11. Qe1 Re8 12. Ne5 d6 13. Nxc6 Bxc6 14. Bf3 Rc8 15. Qg3
Bf8 16. Rad1 Qe7 17. d4 d5 18. e5 Nd7 19. Rfe1 a5 20. Qf2 Red8 21. Kh1 Kh8 22.
Kg1 Kg8 23. Kh1 Ra8 24. Ra1 Ra6 25. Qe2 Rb6 26. Qd3 Re8 27. Qe3 Rbb8 28. Kg1 Rbc8
29. Rac1 Bb7 30. Red1 Red8 31. Re1 Rc7 32. Rc2 Rdc8 33. Rec1 Qe8 34. cxd5 Bxd5
35. Nc4 Bxc4 36. Rxc4 cxd4 37. Bxd4 Rxc4 38. Rxc4 Rxc4 39. bxc4 Qc8 40. Qc1 g6
41. g3 Bc5 42. Bxc5 Qxc5+ 43. Kf1 a4 44. Qc2 Nb6 45. Be2 a3 46. Qc1 Na4 47. Qc2
Nc3 48. Qb3 Qe3 49. Qc2 Nxe2 50. Qxe2 Qc1+ 51. Kf2 Qb2 52. c5 Qd4+ 53. Qe3 Qc4
54. Kf3 Qd5+ 55. Kg4 Qd1+ 56. Qf3 h5+ 0-1

[Event "XXV OOM - Mistrzostwa Polski Juniorow Mlodszych - Dziewczeta do lat 12"]
[Site "Sielpia"]
[Date "1899-12-30"]
[Round "7.12"]
[White "Filipiak, Magdalena"]
[Black "Roszkiewicz, Zofia"]
[Result "1/2-1/2"]
[WhiteTitle "I"]
[BlackTitle "I"]
[WhiteElo "1181"]
[BlackElo "1444"]

1. d4 d5 2. c4 e6 3. Nc3 Nf6 4. Nf3 Be7 5. Bf4 Nbd7 6. e3 b6 7. Qc2 Bb7 8. cxd5
exd5 9. Bd3 O-O 10. O-O c5 11. Nb5 c4 12. Be2 a6 13. Nd6 Bxd6 14. Bxd6 Re8 15.
Bf4 b5 16. h3 h6 17. Nh2 Nf8 18. Ng4 Ng6 19. Bh2 Nxg4 20. Bxg4 Bc8 21. Qe2 Qg5
22. Bxc8 Raxc8 23. Rac1 Ne7 24. Bf4 Qg6 25. Qf3 Qe6 26. Qh5 Ng6 27. Bh2 Qe4 28.
Bg3 Ne7 29. Bf4 Nc6 30. f3 Qe6 31. a3 g5 32. Bg3 Qxe3+ 33. Bf2 Qe6 34. Rfe1 Qg6
35. Qg4 f5 36. Qg3 Qf6 37. Rxe8+ Rxe8 38. Rd1 f4 39. Qg4 Qe6 40. Qh5 Kg7 41. Re1
Qf7 42. Qg4 Rxe1+ 43. Bxe1 Nxd4 44. Bc3 Qf6 45. Qd7+ Kg6 46. Qe8+ Kf5 47. Qd7+
Kg6 48. Qe8+ 1/2-1/2

[Event "XXV OOM - Mistrzostwa Polski Juniorow Mlodszych - Dziewczeta do lat 12"]
[Site "Sielpia"]
[Date "1899-12-30"]
[Round "7.13"]
[White "Janikowska, Wiktoria"]
[Black "Palejko, Maria"]
[Result "0-1"]
[WhiteTitle "I"]
[BlackTitle "I"]
[WhiteElo "1393"]
[BlackElo "1238"]

1. e4 c6 2. d4 d5 3. Nc3 dxe4 4. Nxe4 Bf5 5. Ng3 Bg6 6. h4 h6 7. Nf3 Nf6 8. h5
Bh7 9. Bd3 Bxd3 10. Qxd3 Qc7 11. Bd2 Nbd7 12. Ne4 e6 13. O-O-O O-O-O 14. Kb1 Nxe4
15. Qxe4 Nf6 16. Qe2 Bd6 17. c4 Nd7 18. d5 e5 19. dxc6 Qxc6 20. Be3 Bc5 21. Bxc5
Qxc5 22. Rd5 Qc7 23. Rhd1 f6 24. Qe3 Nb6 25. Rxd8+ Rxd8 26. Rxd8+ Qxd8 27. Qc5+
Qc7 28. Qxc7+ Kxc7 29. b3 Kd6 30. Kc2 Nd7 31. Nh4 Ke6 32. g4 b6 33. f3 a5 34.
a3 Kf7 35. b4 axb4 36. axb4 Nf8 37. Kd3 Ne6 38. Ke4 Nc7 39. Nf5 g6 40. Nd6+ Kg7
41. Nc8 Na6 42. b5 Nc5+ 43. Kd5 Na4 44. Kc6 f5 45. Kd5 e4 46. fxe4 fxg4 47. Kd4
gxh5 48. Nd6 Kf6 49. e5+ Ke6 50. Ke4 Nc5+ 51. Ke3 h4 52. Nc8 Nd7 53. c5 bxc5 54.
b6 Nxb6 55. Nxb6 Kxe5 56. Nc4+ Kd5 57. Nb6+ Kc6 58. Nc4 g3 59. Kf3 Kd5 60. Ne3+
Ke5 61. Ng4+ Kd4 62. Nxh6 Kd3 63. Nf5 c4 64. Nxh4 c3 65. Ng2 Kd2 66. Ne3 g2 67.
Nc4+ Kd3 68. Ne5+ Kd4 69. Nc6+ Kc5 70. Kxg2 Kxc6 0-1

[Event "XXV OOM - Mistrzostwa Polski Juniorow Mlodszych - Dziewczeta do lat 12"]
[Site "Sielpia"]
[Date "1899-12-30"]
[Round "7.14"]
[White "Sliwicka, Weronika"]
[Black "Slusarczyk, Anna"]
[Result "1-0"]
[WhiteTitle "I"]
[BlackTitle "I"]
[WhiteElo "1161"]
[BlackElo "1347"]

1. d4 f5 2. Nc3 Nf6 3. Nf3 g6 4. e3 Bg7 5. Bd3 O-O 6. O-O d6 7. e4 fxe4 8. Nxe4
Nc6 9. c3 Bd7 10. Qb3+ Kh8 11. Nfg5 d5 12. Nxf6 exf6 13. Nf3 Bc8 14. Bd2 Rb8 15.
Nh4 f5 16. Nf3 Re8 17. Bb5 Na5 18. Qc2 Bd7 19. Ng5 Kg8 20. c4 Bxb5 21. cxb5 Nc4
22. b3 Nxd2 23. Qxd2 Qe7 24. Rfe1 Qd7 25. a4 Rxe1+ 26. Rxe1 Re8 27. Rc1 Qe7 28.
Nf3 Qd6 29. Qa5 Qb6 30. Qxb6 cxb6 31. h3 Kf8 32. Rc7 Re7 33. Rc8+ Re8 34. Rc7
Re7 35. Rc8+ Re8 36. Rc7 Re7 37. Rc1 Re4 38. Ng5 Re2 39. Rc8+ Re8 40. Nxh7+ Kf7
41. Ng5+ Kf8 42. Ne6+ Kf7 43. Rxe8 Kxe8 44. Nxg7+ Kd7 45. Kf1 a6 46. Ke2 Kd6 47.
Kf3 Ke7 48. Kf4 Kf6 49. Ne8+ Ke7 50. Nc7 axb5 51. axb5 Kd6 52. Kg5 Kxc7 53. Kxg6
Kd8 54. Kxf5 Ke8 55. Ke6 1-0

[Event "XXV OOM - Mistrzostwa Polski Juniorow Mlodszych - Dziewczeta do lat 12"]
[Site "Sielpia"]
[Date "1899-12-30"]
[Round "7.15"]
[White "Romejko, Jagoda"]
[Black "Pastuszko, Katarzyna"]
[Result "0-1"]
[WhiteTitle "II+"]
[BlackTitle "I"]
[WhiteElo "1173"]
[BlackElo "1288"]

1. e4 c5 2. Nf3 Nc6 3. d4 cxd4 4. Nxd4 g6 5. c4 Nf6 6. Nc3 Nxd4 7. Qxd4 d6 8. Be3
Bg7 9. Qd2 O-O 10. Be2 Be6 11. O-O Rc8 12. b3 Bd7 13. Rad1 Bc6 14. f3 a5 15. Nd5
Bxd5 16. cxd5 Nd7 17. Rc1 Nc5 18. Rc2 f5 19. Bd3 fxe4 20. Bxe4 Nxe4 21. fxe4 Rxf1+
22. Kxf1 Qf8+ 23. Kg1 Rxc2 24. Qxc2 Qf6 25. Qc8+ Kf7 26. Qc1 Qe5 27. Qf1+ Bf6
28. Qb1 Qh5 29. Qf1 Kg7 30. Qf3 Qe5 31. a4 Qa1+ 32. Qf1 Qc3 33. Qc1 Qxb3 34. Bh6+
Kf7 35. Qc8 Bd4+ 36. Be3 Bxe3+ 37. Kf1 Qd1# 38. Qc6 0-1

[Event "XXV OOM - Mistrzostwa Polski Juniorow Mlodszych - Dziewczeta do lat 12"]
[Site "Sielpia"]
[Date "1899-12-30"]
[Round "7.16"]
[White "Staniewicz, Adrianna"]
[Black "Jedrzejewska, Zuzanna"]
[Result "1/2-1/2"]
[WhiteTitle "WCM"]
[BlackTitle "I"]
[WhiteElo "1086"]
[BlackElo "1236"]

1. e4 c5 2. Nf3 d6 3. d4 cxd4 4. Nxd4 Nf6 5. Nc3 a6 6. Be2 e5 7. Nb3 Be6 8. O-O
Be7 9. Be3 O-O 10. f4 Qc7 11. f5 Bc4 12. h3 b5 13. a3 Nbd7 14. Nd2 Nb6 15. Kh1
Rac8 16. Bxc4 Nxc4 17. Nxc4 Qxc4 18. Qf3 a5 19. g4 d5 20. exd5 e4 21. Qg2 Nxd5
22. Nxd5 Qxd5 23. Rfd1 Qc6 24. c3 Rfd8 25. Rd2 Rxd2 26. Qxd2 Rd8 27. Qe2 b4 28.
axb4 axb4 29. cxb4 Bxb4 30. Rd1 Rxd1+ 31. Qxd1 h6 32. Qc1 Qb7 33. Kg1 Be7 34.
Bd4 Qb3 35. Qc3 Qd1+ 36. Kf2 Bh4+ 37. Ke3 Qf3+ 38. Kd2 Bg5+ 39. Kc2 e3 40. Qe1
e2 41. Bf2 Qe4+ 42. Kc3 Bf6+ 43. Kd2 Bg5+ 44. Kc3 Be7 45. Kd2 1/2-1/2

[Event "XXV OOM - Mistrzostwa Polski Juniorow Mlodszych - Dziewczeta do lat 12"]
[Site "Sielpia"]
[Date "1899-12-30"]
[Round "7.18"]
[White "Wiszniewska, Julia"]
[Black "Krzysztynska, Maria"]
[Result "0-1"]
[WhiteTitle "I"]
[BlackTitle "II"]
[WhiteElo "1082"]
[BlackElo "1029"]

1. e4 e5 2. Nf3 Nc6 3. Bc4 Nf6 4. d3 Bc5 5. O-O a6 6. Nbd2 O-O 7. Bb3 d6 8. c3
Ba7 9. h3 Ne7 10. Re1 b5 11. d4 c6 12. dxe5 dxe5 13. Nxe5 Qc7 14. Nef3 Ng6 15.
Nf1 Be6 16. Bxe6 fxe6 17. Ng5 Qe5 18. Ng3 Qxg3 19. Qe2 Nd7 20. Rf1 Nde5 21. Nxe6
Nf3+ 22. Qxf3 Rxf3 23. Kh1 Rxf2 24. Rxf2 Qxf2 25. Bg5 h6 26. Nc7 hxg5 27. Nxa8
Nh4 28. g3 Qg2# 0-1

[Event "XXV OOM - Mistrzostwa Polski Juniorow Mlodszych - Dziewczeta do lat 12"]
[Site "Sielpia"]
[Date "1899-12-30"]
[Round "7.19"]
[White "Rojek, Paulina"]
[Black "Nowak, Zuzanna"]
[Result "0-1"]
[WhiteTitle "I"]
[BlackTitle "I"]
[WhiteElo "1054"]
[BlackElo "1081"]

1. e4 e5 2. Nf3 Nc6 3. d4 exd4 4. Nxd4 Bc5 5. Nb3 Bb6 6. Nc3 Nf6 7. Bg5 O-O 8.
Qe2 h6 9. Bh4 Re8 10. O-O-O d6 11. f3 Be6 12. g4 Ne5 13. Bg3 Qe7 14. h4 a5 15.
a4 Bxb3 16. cxb3 Qe6 17. Nd5 Nxd5 18. exd5 Qf6 19. g5 hxg5 20. Bxe5 Qxe5 21. Qxe5
Rxe5 22. Bc4 Rae8 23. hxg5 Rxg5 24. Kb1 f6 25. Bb5 Re3 26. Rde1 Rge5 27. Reg1
Rxf3 28. Rg2 Rf2 29. Rg4 Rf3 30. Rgh4 Rxb3 31. Bd7 Kf7 32. Rh8 Bd4 33. Be6+ Kg6
34. Bd7 Rxb2+ 35. Kc1 Rbe2 36. Bb5 Re1+ 37. Rxe1 Rxe1+ 38. Kd2 Re5 39. Be8+ Kf5
40. Bd7+ Kg5 41. Be6 Kg6 42. Bd7 Kf7 43. Be6+ Kg6 44. Bd7 Kg5 45. Be6 f5 46. Rh7
g6 47. Rxc7 Be3+ 48. Kd3 b6 49. Rg7 Kh6 50. Rg8 Bc5 51. Rh8+ Kg5 52. Rg8 Re3+
53. Kc2 f4 54. Bf7 Kf6 55. Be6 f3 56. Kd2 f2 57. Rf8+ Ke7 58. Rf7+ Ke8 59. Rxf2
Rxe6 60. dxe6 Bxf2 0-1

[Event "XXV OOM - Mistrzostwa Polski Juniorow Mlodszych - Dziewczeta do lat 12"]
[Site "Sielpia"]
[Date "1899-12-30"]
[Round "7.23"]
[White "Reszka, Barbara"]
[Black "Grembocka, Zuzanna"]
[Result "1/2-1/2"]
[WhiteTitle "II"]
[BlackTitle "II"]
[WhiteElo "1157"]
[BlackElo "1052"]

1. e4 e5 2. Nf3 Nc6 3. d4 exd4 4. Nxd4 Bc5 5. Nb3 Bb6 6. Nc3 d6 7. Qe2 h6 8. Be3
Be6 9. Nd5 Nf6 10. Nxb6 axb6 11. f3 O-O 12. a3 d5 13. O-O-O Qe7 14. exd5 Nxd5
15. h4 Rfd8 16. Bd2 Ra7 17. g4 Rda8 18. Bh3 Ndb4 19. g5 Nxc2 20. Bxe6 N6d4 21.
Bxf7+ Qxf7 22. Nxd4 Nxd4 23. Qe3 Nb3+ 24. Kb1 h5 25. Bc3 Re8 26. Qd3 Nc5 27. Qd5
Ne6 28. Rde1 c6 29. Qb3 b5 30. Re3 Raa8 31. Rhe1 Nc7 32. Qxf7+ Kxf7 33. Rxe8 Rxe8
34. Rxe8 Nxe8 35. Kc2 Ke6 36. Kd3 Kf5 37. Kd4 g6 1/2-1/2

[Event "XXV OOM - Mistrzostwa Polski Juniorow Mlodszych - Dziewczeta do lat 12"]
[Site "Sielpia"]
[Date "1899-12-30"]
[Round "7.24"]
[White "Prawucka, Zofia"]
[Black "Para, Aleksandra"]
[Result "0-1"]
[WhiteTitle "II"]
[BlackTitle "II+"]
[WhiteElo "1088"]
[BlackElo "1034"]

1. Nf3 Nf6 2. b3 e6 3. Bb2 Be7 4. e3 Nc6 5. Bb5 O-O 6. O-O d6 7. Bxc6 bxc6 8. d3
Bb7 9. Nbd2 c5 10. Re1 Nd7 11. Nf1 Bf6 12. Bxf6 Nxf6 13. Ng3 Qd7 14. c4 c6 15.
e4 Rad8 16. e5 dxe5 17. Nxe5 Qd6 18. Qf3 Nd7 19. Nxd7 Qxd7 20. Rad1 Qc7 21. Ne4
Qe7 22. Qh5 e5 23. Ng5 h6 24. Nf3 f6 25. d4 cxd4 26. Nxd4 Qf7 27. Qxf7+ Rxf7 28.
Nf5 Rfd7 29. Ne3 Kf7 30. Kf1 Ke6 31. Ke2 c5 32. g3 h5 33. Rxd7 Rxd7 34. Rd1 Rd4
35. Nc2 Bf3+ 36. Ke3 Bxd1 37. Nxd4+ exd4+ 38. Ke4 Bc2+ 39. Kf3 Bb1 40. a3 Ba2
41. b4 cxb4 42. axb4 Bxc4 43. Ke4 d3 44. Ke3 g5 45. Kd2 Ke5 46. f3 f5 47. h3 g4
48. f4+ Ke4 49. hxg4 hxg4 50. Kd1 Kf3 51. Ke1 Kxg3 52. Kf1 d2+ 53. Kg1 d1=Q# 0-1

[Event "XXV OOM - Mistrzostwa Polski Juniorow Mlodszych - Dziewczeta do lat 12"]
[Site "Sielpia"]
[Date "1899-12-30"]
[Round "7.26"]
[White "Dallemura, Julia"]
[Black "Makarec, Anna"]
[Result "1-0"]
[WhiteTitle "I"]
[BlackTitle "II+"]
[WhiteElo "1200"]
[BlackElo "1071"]

1. e4 e5 2. Nf3 Nc6 3. Bb5 a6 4. Ba4 Nf6 5. d3 d6 6. c3 Be7 7. O-O b5 8. Bc2 O-O
9. Nbd2 Re8 10. h3 Bb7 11. Re1 Bf8 12. Nf1 Ne7 13. Ng3 c5 14. Nh2 d5 15. Qe2 Ng6
16. Ng4 dxe4 17. dxe4 Nxg4 18. Qxg4 c4 19. Rd1 Qf6 20. Be3 Rad8 21. Rxd8 Qxd8
22. Rd1 Qc7 23. Qf5 Bc8 24. Qf3 Bc5 25. Bxc5 Qxc5 26. Rd5 Qb6 27. Qd1 Nf4 28.
Rd6 Qc7 29. Rd2 Ne6 30. Nf5 Rf8 31. Nd6 Bb7 32. Nxb7 Qxb7 33. Rd7 Qc6 34. Rd6
Qb7 35. Rd7 Qa8 36. Rd2 Re8 37. Qf3 Rd8 38. Rxd8+ Qxd8 39. Qd1 Qa8 40. Qd6 h6
41. Qxe5 Qd8 42. Qd5 Qc7 43. g3 Ng5 44. Kg2 Qc8 45. g4 Kh8 46. e5 Ne6 47. Kf1
Qc7 48. Bf5 Nd8 49. Qd7 Qb6 50. Qe8# 1-0

[Event "XXV OOM - Mistrzostwa Polski Juniorow Mlodszych - Dziewczeta do lat 12"]
[Site "Sielpia"]
[Date "1899-12-30"]
[Round "8.1"]
[White "Seemann, Pola"]
[Black "Szopa, Emilia"]
[Result "0-1"]
[WhiteTitle "II+"]
[BlackTitle "I+"]
[WhiteElo "1229"]
[BlackElo "1470"]

1. d4 Nf6 2. Nf3 d5 3. e3 Bf5 4. b3 e6 5. a3 c5 6. Bb2 Nc6 7. Nbd2 Be7 8. Be2 Rc8
9. O-O O-O 10. Ne5 cxd4 11. Nxc6 Rxc6 12. Bd3 Bxd3 13. cxd3 dxe3 14. fxe3 Bc5
15. Rf3 Ng4 16. Nf1 d4 17. Rg3 Ne5 18. Kh1 Ng6 19. Rc1 dxe3 20. Nxe3 Bxe3 21.
Rxe3 Rxc1 22. Qxc1 Qc8 23. Qd1 Qc6 24. Rg3 Rc8 25. h3 e5 26. Re3 f6 27. a4 Qc2
28. Qxc2 Rxc2 29. Ba3 Rc3 30. g3 Rxb3 31. Bc5 b6 32. Bd6 Rb1+ 33. Kg2 Nf8 34.
g4 Ne6 35. Kg3 Rb3 36. Kf3 Nc5 37. Bxc5 bxc5 38. Ke2 Rb4 39. Re4 Kf7 40. Kd2 Ke6
41. Kc3 Kd5 42. Re3 Rxa4 43. Rg3 c4 44. dxc4+ Rxc4+ 45. Kb3 Rf4 46. h4 g5 47.
hxg5 fxg5 48. Kc2 e4 49. Kd2 Rf3 50. Rg1 Ke5 51. Ra1 Kf4 52. Rxa7 Rh3 53. Rf7+
Kxg4 54. Re7 Kf3 55. Rf7+ Kg2 56. Rg7 h6 57. Re7 e3+ 58. Ke2 g4 59. Rg7 h5 60.
Ra7 h4 61. Ra2 Rg3 62. Kd3+ Kh1 63. Ra1+ Rg1 64. Ra2 h3 65. Kxe3 g3 66. Kf3 g2
67. Ra8 Rf1+ 68. Ke2 g1=Q 69. Ra3 Qg2+ 70. Ke3 Rf3+ 71. Ke4 Qg4+ 72. Kd5 Rf5+
73. Kd6 Qg6+ 74. Kd7 Rf7+ 75. Ke8 Qg8# 0-1

[Event "XXV OOM - Mistrzostwa Polski Juniorow Mlodszych - Dziewczeta do lat 12"]
[Site "Sielpia"]
[Date "1899-12-30"]
[Round "8.2"]
[White "Szczotka, Klara"]
[Black "Pawicka, Magdalena"]
[Result "1/2-1/2"]
[WhiteTitle "I++"]
[BlackTitle "I"]
[WhiteElo "1638"]
[BlackElo "1748"]

1. e4 c5 2. Nf3 a6 3. c3 d5 4. exd5 Qxd5 5. d4 Nf6 6. Be2 e6 7. O-O Nc6 8. Be3
cxd4 9. Nxd4 Nxd4 10. Qxd4 Qxd4 11. Bxd4 Be7 12. Nd2 Bd7 13. Bf3 Bc6 14. Bxc6+
bxc6 15. Nc4 O-O 16. Nb6 Rad8 17. Rad1 Nd5 18. Nxd5 cxd5 19. f4 Bd6 20. Rde1 Rfe8
21. Re3 f6 22. Rfe1 Kf7 23. g3 Re7 24. Rf3 Kg8 25. Rd3 Rdd7 26. Bf2 Rb7 27. b3
Kf7 28. c4 Bb4 29. Rc1 Rbc7 30. Rd4 Bc5 31. Rd2 Bxf2+ 32. Kxf2 dxc4 33. Rxc4 Rxc4
34. bxc4 Rc7 35. Rc2 Ke7 36. Ke3 Kd6 37. Kd4 Rb7 38. Re2 Rb4 39. h4 h5 40. Re3
Ra4 41. a3 Ra5 42. c5+ Kd7 43. Kc4 Rb5 44. Rd3+ Kc7 45. Rd6 Ra5 46. Rxe6 Rxa3
47. Re7+ Kc6 48. Rxg7 Ra5 49. Rf7 Rxc5+ 50. Kd4 Rd5+ 51. Ke4 Rd6 52. Kf5 a5 53.
Ra7 Kb5 54. Kg6 Rd3 55. Kxf6 Rxg3 1/2-1/2

[Event "XXV OOM - Mistrzostwa Polski Juniorow Mlodszych - Dziewczeta do lat 12"]
[Site "Sielpia"]
[Date "1899-12-30"]
[Round "8.3"]
[White "Siekanska, Maria"]
[Black "Pietryk, Joanna"]
[Result "1-0"]
[WhiteTitle "I+"]
[BlackTitle "I"]
[WhiteElo "1509"]
[BlackElo "1110"]

1. d4 Nf6 2. c4 g6 3. Nc3 Bg7 4. e4 d6 5. Nf3 O-O 6. Be2 e5 7. O-O exd4 8. Nxd4
Re8 9. f3 Nc6 10. Nxc6 bxc6 11. Re1 Be6 12. Bd3 Nd7 13. Ne2 Ne5 14. Nd4 Nxc4 15.
Nxe6 1-0

[Event "XXV OOM - Mistrzostwa Polski Juniorow Mlodszych - Dziewczeta do lat 12"]
[Site "Sielpia"]
[Date "1899-12-30"]
[Round "8.4"]
[White "Tokarz, Izabela"]
[Black "Bar, Klaudia"]
[Result "1/2-1/2"]
[WhiteTitle "I"]
[BlackTitle "I"]
[WhiteElo "1390"]
[BlackElo "1449"]

1. d4 Nf6 2. c4 g6 3. Nc3 Bg7 4. e4 d6 5. Nf3 O-O 6. Be2 Na6 7. h3 e5 8. d5 Nc5
9. Qc2 a5 10. Be3 Re8 11. Nd2 Bd7 12. O-O Kh8 13. Nb3 Na4 14. Nxa4 Bxa4 15. Bd3
Nh5 16. Qd2 Bxb3 17. axb3 b6 18. Be2 Nf4 19. Bxf4 exf4 20. Qxf4 Bxb2 21. Rab1
Bf6 22. Bd3 a4 23. bxa4 Rxa4 24. Rfe1 Ra3 25. Rbd1 Kg7 26. Qg4 h5 27. Qe2 Qa8
28. f4 Bc3 29. Rf1 f5 30. Kh1 Bd4 31. Qc2 Ra2 32. Qb1 Rb2 33. Qc1 fxe4 34. Bxe4
Bf6 35. Bf3 Qa2 36. Rfe1 Rxe1+ 37. Rxe1 Rc2 38. Qe3 Qxc4 39. Qe6 Rc1 40. f5 Rxe1+
41. Qxe1 g5 42. Bxh5 Qxd5 43. Qe8 Qxf5 44. Qf7+ Kh6 45. Qf8+ Kh7 46. Qf7+ Kh6
1/2-1/2

[Event "XXV OOM - Mistrzostwa Polski Juniorow Mlodszych - Dziewczeta do lat 12"]
[Site "Sielpia"]
[Date "1899-12-30"]
[Round "8.5"]
[White "Oborska, Magda"]
[Black "Ziobrowska, Maja"]
[Result "1-0"]
[WhiteTitle "I+"]
[BlackTitle "II+"]
[WhiteElo "1339"]
[BlackElo "1134"]

1. e4 e5 2. Nf3 Nc6 3. Bb5 Nge7 4. d3 g6 5. Bg5 Bg7 6. Nc3 O-O 7. Nd5 f6 8. Bc4
Kh8 9. Bh4 d6 10. h3 Na5 11. Nxe7 Qxe7 12. Bb3 Nxb3 13. axb3 Be6 14. O-O Qd7 15.
Kh2 f5 16. exf5 Bxf5 17. Bg3 e4 18. dxe4 Bxe4 19. Nd2 Bf5 20. c3 a6 21. Re1 Rae8
22. Rxe8 Rxe8 23. Nf3 Qf7 24. Ra4 Qe7 25. Nd4 Qd7 26. Ra1 Be6 27. b4 Qf7 28. Qd2
Be5 29. Bxe5+ dxe5 30. Nxe6 Rxe6 31. Re1 Kg8 32. Qd5 c6 33. Qd2 Qc7 34. g3 Qb6
35. Re3 Rf6 36. Kg2 c5 37. Qd5+ Kf8 38. Qxc5+ Qxc5 39. bxc5 Re6 40. Re4 Ke7 41.
Rb4 Kd7 42. Rxb7+ Kc6 43. Rb6+ Kd7 44. Rxe6 Kxe6 45. b4 Kd5 46. c4+ Kc6 47. Kf3
a5 48. bxa5 Kxc5 49. Ke4 Kd6 50. a6 Kc6 51. Kxe5 Kb6 52. Kd6 Kxa6 53. c5 Kb7 54.
Kd7 1-0

[Event "XXV OOM - Mistrzostwa Polski Juniorow Mlodszych - Dziewczeta do lat 12"]
[Site "Sielpia"]
[Date "1899-12-30"]
[Round "8.6"]
[White "Mazurek, Maja"]
[Black "Niedorys, Karolina"]
[Result "1/2-1/2"]
[WhiteTitle "I"]
[BlackTitle "II"]
[WhiteElo "1283"]
[BlackElo "1129"]

1. d4 d5 2. c4 e6 3. Nc3 Nf6 4. Nf3 c6 5. Bg5 Be7 6. e3 Nbd7 7. Bd3 dxc4 8. Bxc4
b6 9. O-O O-O 10. Re1 Bb7 11. e4 h6 12. Bf4 Re8 13. h3 Bb4 14. Qb3 c5 15. d5 Bxc3
16. bxc3 exd5 17. exd5 Ne4 18. Bd3 Ndf6 19. c4 Nd6 20. Rxe8+ Nfxe8 21. Re1 Nf6
22. Be5 Ba6 23. Qa4 Bb7 24. Qa3 a6 25. Qb2 b5 26. Bxd6 Qxd6 27. cxb5 axb5 28.
Qxb5 Bxd5 29. a4 Bc6 30. Qb6 Rb8 1/2-1/2

[Event "XXV OOM - Mistrzostwa Polski Juniorow Mlodszych - Dziewczeta do lat 12"]
[Site "Sielpia"]
[Date "1899-12-30"]
[Round "8.7"]
[White "Nieckarz, Maja"]
[Black "Pudelko, Magdalena"]
[Result "1-0"]
[WhiteTitle "I"]
[BlackTitle "I"]
[WhiteElo "1248"]
[BlackElo "1371"]

1. c4 c6 2. e4 d5 3. exd5 cxd5 4. d4 Nf6 5. Nc3 Bf5 6. c5 e6 7. Bf4 Nc6 8. Nb5
Rc8 9. Bd6 Ne4 10. Bxf8 Rxf8 11. Bd3 Qa5+ 12. Ke2 a6 13. b4 Qxb4 14. Rb1 Qxb5
15. Bxb5 Nc3+ 16. Kd2 Nxd1 17. Bxc6+ bxc6 18. Rxd1 Rb8 19. Kc3 Ke7 20. Nf3 f6
21. Nh4 Bg4 22. f3 Bh5 23. g4 Bf7 24. Rhe1 Kd7 25. Rb1 Rb5 26. a4 Rbb8 27. f4
g5 28. fxg5 fxg5 29. Nf3 Rxb1 30. Rxb1 Bg6 31. Ne5+ Kc7 32. Rb6 Be8 33. Rxa6 Rf1
34. Ra7+ Kd8 35. Rxh7 Ra1 36. Ra7 Rb1 37. Ra8+ Ke7 38. a5 Rb5 39. h3 Rb1 40. a6
Ra1 41. Nd3 Kd7 42. Nb4 Bg6 43. Rg8 Be4 44. Rxg5 Ra3+ 45. Kb2 Ra4 46. Rg7+ Kc8
47. a7 Bd3 48. a8=Q+ Rxa8 49. Rg8+ Kb7 50. Rxa8 Kxa8 51. Nxd3 Kb7 52. h4 Kc7 53.
h5 Kd7 54. h6 e5 55. Nxe5+ Ke7 56. h7 Ke6 57. h8=Q Ke7 58. Qg7+ Ke8 59. Qf7+ Kd8
60. Qd7# 1-0

[Event "XXV OOM - Mistrzostwa Polski Juniorow Mlodszych - Dziewczeta do lat 12"]
[Site "Sielpia"]
[Date "1899-12-30"]
[Round "8.8"]
[White "Grzesik, Nikola"]
[Black "Sprzeczka, Emilia"]
[Result "1/2-1/2"]
[WhiteTitle "I"]
[BlackTitle "II+"]
[WhiteElo "1339"]
[BlackElo "1109"]

1. e4 e5 2. Nf3 Nc6 3. d4 exd4 4. Nxd4 Nf6 5. Nc3 Bb4 6. Nxc6 bxc6 7. Bd3 d5 8.
exd5 cxd5 9. O-O O-O 10. Bg5 c6 11. Qf3 Bd6 12. Rfe1 Rb8 13. Rab1 h6 14. Bxf6
Qxf6 15. Qxf6 gxf6 16. Ne2 Kh8 17. Ng3 Be5 18. b3 Rg8 19. Kf1 Be6 20. c4 d4 21.
Ne2 Rgd8 22. f4 Bc7 23. h3 c5 24. Kf2 Re8 25. f5 Bd7 26. Ng1 Bf4 27. Nf3 Be3+
28. Ke2 Re7 29. Kd1 Rbe8 30. Kc2 Bf2 31. Rxe7 Rxe7 32. Rd1 Bc6 33. Rd2 Be1 34.
Re2 Rxe2+ 35. Bxe2 Bxf3 36. Bxf3 Kg8 37. Kd3 Kf8 38. Ke4 Bb4 39. Bh5 Ke7 40. Kd5
d3 41. a4 a5 42. Kc6 d2 43. Bf3 Ba3 44. Be2 1/2-1/2

[Event "XXV OOM - Mistrzostwa Polski Juniorow Mlodszych - Dziewczeta do lat 12"]
[Site "Sielpia"]
[Date "1899-12-30"]
[Round "8.9"]
[White "Lazniewska, Zofia"]
[Black "Palejko, Maria"]
[Result "1-0"]
[WhiteTitle "I"]
[BlackTitle "I"]
[WhiteElo "1288"]
[BlackElo "1238"]

1. e4 c6 2. d4 d5 3. Nc3 dxe4 4. Nxe4 Bf5 5. Ng3 Bg6 6. h4 h6 7. Nf3 Nd7 8. h5
Bh7 9. Bd3 Bxd3 10. Qxd3 Qc7 11. Bd2 e6 12. Ne4 Ngf6 13. g3 Nxe4 14. Qxe4 Nf6
15. Qe2 Bd6 16. c4 b6 17. Bc3 Qe7 18. Ne5 Bxe5 19. Qxe5 Rd8 20. O-O-O Qd6 21.
Qxd6 Rxd6 22. f3 Kd8 23. g4 Kc7 24. d5 Kb7 25. Bxf6 gxf6 26. dxe6 Rxd1+ 27. Rxd1
fxe6 28. Rd7+ Ka6 29. Rd6 Re8 30. Rxc6 Kb7 31. Rd6 Kc7 32. Rd3 Kc6 33. Kc2 a5
34. Kc3 e5 35. b3 Kc7 36. Kd2 Rf8 37. Rd5 Kc6 38. Kc3 Rb8 39. a3 Re8 40. Kd3 a4
41. b4 Kc7 42. Ke4 Re6 43. c5 b5 44. Kf5 Re8 45. Rd6 Kb7 46. Ke4 Kc7 47. Rxf6
Rd8 48. Rd6 Rxd6 49. cxd6+ Kxd6 50. g5 Ke6 51. gxh6 Kf6 52. f4 1-0

[Event "XXV OOM - Mistrzostwa Polski Juniorow Mlodszych - Dziewczeta do lat 12"]
[Site "Sielpia"]
[Date "1899-12-30"]
[Round "8.10"]
[White "Pastuszko, Katarzyna"]
[Black "Kulczycka, Zofia"]
[Result "0-1"]
[WhiteTitle "I"]
[BlackTitle "II+"]
[WhiteElo "1288"]
[BlackElo "1222"]

1. e4 c5 2. Nf3 d6 3. d4 cxd4 4. Nxd4 Nf6 5. Nc3 g6 6. Be3 Bg7 7. f3 O-O 8. Qd2
Nc6 9. O-O-O d5 10. Nxc6 bxc6 11. Bh6 Qc7 12. Bxg7 Kxg7 13. exd5 cxd5 14. Nxd5
Nxd5 15. Qxd5 Bf5 16. Qd4+ e5 17. Qc4 Qb6 18. Qb5 Rac8 19. Rd2 Qe3 20. Bd3 Rfd8
21. Kd1 Rb8 22. Re1 Qxd2+ 23. Kxd2 Rxb5 24. Kc1 Bxd3 25. cxd3 Rxd3 26. Kc2 Rbd5
27. b3 Rd2+ 28. Kc1 Rxa2 29. Kb1 Rdd2 30. Rxe5 Rxg2 31. Re7 Rxh2 32. Re1 Raf2
33. Rd1 Rxf3 34. Kc1 Rg2 35. Kb1 h5 0-1

[Event "XXV OOM - Mistrzostwa Polski Juniorow Mlodszych - Dziewczeta do lat 12"]
[Site "Sielpia"]
[Date "1899-12-30"]
[Round "8.11"]
[White "Salamon, Julia"]
[Black "Sliwicka, Weronika"]
[Result "1-0"]
[WhiteTitle "I"]
[BlackTitle "I"]
[WhiteElo "1287"]
[BlackElo "1161"]

1. d4 d5 2. Nc3 e6 3. Nf3 Nf6 4. Bg5 Be7 5. e3 Ne4 6. Bf4 Bb4 7. Qd3 c6 8. a3 Qa5
9. Nd2 Nxc3 10. Nb3 Ne4+ 11. axb4 Qxb4+ 12. Nd2 Nxd2 13. Qxd2 Qxb2 14. Rd1 Nd7
15. Bd6 a5 16. Bd3 Qb6 17. O-O c5 18. dxc5 Nxc5 19. Be5 Nxd3 20. Qxd3 Qa6 21.
Qa3 f6 22. Bb2 b5 23. c3 Rb8 24. Rb1 b4 25. cxb4 axb4 26. Qb3 Qc4 27. Ba1 O-O
28. Rfc1 Qxb3 29. Rxb3 Ba6 30. Rcb1 Rfc8 31. h3 e5 32. f3 Rc4 33. Bc3 Rxc3 34.
Rxc3 bxc3 35. Rxb8+ Kf7 36. Rb1 d4 37. exd4 exd4 38. Kf2 d3 39. Ke1 d2+ 40. Kd1
Be2+ 41. Kxe2 c2 42. Rb7+ Ke6 43. Kxd2 g5 44. Rb4 f5 45. g3 Kf6 46. Kxc2 Kg6 47.
Kd3 Kh5 48. Rd4 h6 49. Ke3 g4 50. fxg4+ fxg4 51. hxg4+ Kg5 52. Rd6 Kxg4 53. Rxh6
Kxg3 54. Rg6+ Kh4 55. Kf4 Kh5 56. Re6 Kh4 57. Rh6# 1-0

[Event "XXV OOM - Mistrzostwa Polski Juniorow Mlodszych - Dziewczeta do lat 12"]
[Site "Sielpia"]
[Date "1899-12-30"]
[Round "8.12"]
[White "Roszkiewicz, Zofia"]
[Black "Staniewicz, Adrianna"]
[Result "1/2-1/2"]
[WhiteTitle "I"]
[BlackTitle "WCM"]
[WhiteElo "1444"]
[BlackElo "1086"]

1. e4 c5 2. Nf3 e6 3. d4 cxd4 4. Nxd4 a6 5. Bd3 Qc7 6. c4 Nc6 7. Nxc6 dxc6 8. Be3
Nf6 9. O-O Be7 10. Kh1 e5 11. f3 O-O 12. Qc2 h6 13. Nc3 Be6 14. Rad1 Rac8 15.
a3 b5 16. cxb5 cxb5 17. Rc1 Rfd8 18. Rfd1 Qb7 19. Qe2 Bc4 20. Bxc4 Rxd1+ 21. Nxd1
bxc4 22. Rxc4 Rd8 23. Rc2 Ne8 24. Rd2 Rc8 25. Nc3 Nd6 26. Rc2 Kf8 27. Nd5 Rxc2
28. Qxc2 Nb5 29. Nxe7 Kxe7 30. Qc5+ Ke6 31. Qb6+ Qxb6 32. Bxb6 Kd6 33. Kg1 Kc6
34. Ba5 Nd4 35. Kf2 Kb5 36. Bc3 Kc4 37. Ke3 1/2-1/2